Sucrose importation into laticifers of Hevea brasiliensis, in relation to ethylene stimulation of latex production (Record no. 69914)

MARC details
000 -LEADER
fixed length control field 00748nam a2200253Ia 4500
100 ## - MAIN ENTRY--AUTHOR NAME
Personal name Dusotoit-Coucaud Anais
245 #0 - TITLE STATEMENT
Title Sucrose importation into laticifers of Hevea brasiliensis, in relation to ethylene stimulation of latex production
260 ## - PUBLICATION, DISTRIBUTION, ETC. (IMPRINT)
Name of publisher Annals of Botany
Year of publication 2009
300 ## - PHYSICAL DESCRIPTION
Number of Pages 635-647
650 ## - SUBJECT ADDED ENTRY--TOPICAL TERM
Topical Term Ethylene
650 ## - SUBJECT ADDED ENTRY--TOPICAL TERM
Topical Term Hevea brasiliensis
650 ## - SUBJECT ADDED ENTRY--TOPICAL TERM
Topical Term Latex production
650 ## - SUBJECT ADDED ENTRY--TOPICAL TERM
Topical Term Laticifers
650 ## - SUBJECT ADDED ENTRY--TOPICAL TERM
Topical Term Sucrose transporters
700 ## - ADDED ENTRY--PERSONAL NAME
Personal name Brunel Nicole
700 ## - ADDED ENTRY--PERSONAL NAME
Personal name Chrestin Herve
700 ## - ADDED ENTRY--PERSONAL NAME
Personal name Julien Jean-Louis
700 ## - ADDED ENTRY--PERSONAL NAME
Personal name Kongsawadworakul Panida
700 ## - ADDED ENTRY--PERSONAL NAME
Personal name Lacointe Andre
700 ## - ADDED ENTRY--PERSONAL NAME
Personal name Sakr Soulaiman
700 ## - ADDED ENTRY--PERSONAL NAME
Personal name Viboonjun Unchera
942 ## - ADDED ENTRY ELEMENTS (KOHA)
Koha item type Journals
Holdings
Withdrawn status Lost status Damaged status Not for loan Home library Current library Shelving location Date acquired Serial Enumeration / chronology Koha item type
      Journals RRII Library RRII Library DL 01/01/2021 Volume 104, Issue 4 Journals